000 01208nas a2200313 4500
001 BR2015003525
003 BR-BrBNA
005 20231205125425.0
007 ta
008 230509b bl.|||p| |||| 00| 00por d
040 _aBR-BrBNA
_bpor
_cBiblioteca Nacional de Agricultura
041 _a(Pt)
072 _aF01; F30
100 1 _aLima, G.V.M.
100 1 _aAndrade, G.R.
100 1 _aUlisses, C.
100 1 _aMelo, G.M.
100 1 _aPaulino, P.M.S.
100 1 _aWilladino, L.
111 1 _a16° Congresso Brasileiro de Floricultura e Plantas Ornamentais; 3° Congresso Brasileiro de Cultura de Tecidos de Plantas; 1° Simpósio de Plantas Ornamentais Nativas
_cGoiânia, GO (Brazil)
_d10-15 Sep 2007
245 1 _aAclimatização de híbrido de orquídea (Cattleya labiata x Cattleya granulosa)em substratos de origem industrial e vegetal
650 _aPLANTA ORNAMENTAL
650 _aPROPAGAÇÃO VEGETATIVA
650 _aACLIMATAÇÃO
650 _aCULTURA IN VITRO
773 0 _tRevista Brasileira de Horticultura Ornamental (Brazil)
_xISSN 1809-6093
_g(Sep 2007), v. 13(Suplemento) p. 1653-1656
_wBR2015003525
909 _a202311
_bLúcia
_c55
_dLúcia Elande
942 _2AGRIS
_n0
_cANA
999 _c244304
_d244304